| 000 | 00590nmm a2200169Ia 4500 | ||
|---|---|---|---|
| 008 | 251105s9999||||xx |||||||||||||||||und|| | ||
| 020 | _a9788499803012 | ||
| 041 | _aspa | ||
| 100 | _aPrats, Joaquín (coord.) | ||
| 245 | 0 | _aGeografía e historia : investigación, innovación y buenas prácticas | |
| 264 |
_a[Madrid, España] : _bMinisterio de Educación, Cultura y Deporte de España, _c2011 |
||
| 300 | _a231 páginas | ||
| 490 | _aFormación del profesorado. Educación secundaria | ||
| 650 | _aEducation | ||
| 856 | _uhttps://public.digitaliapublishing.com/a/30200 | ||
| 942 | _cCF | ||
| 999 |
_c93246 _d93246 |
||